000 00353nam a2200133Ia 4500
005 20260326235456.0
008 260326s9999||||xx |||||||||||||| ||und||
100 _aMartínez, Carlos
245 0 _aSanta Fe de Bogotá /
_cCarlos Martínez
260 _bCentro Editor de América Latina
300 _a92 p.
650 _aARQUITECTURA COLONIAL
942 _cBK
999 _c7942
_d7942